000 00782cab a2200265 4500
001 ABS56462
008 090401t1997 xxu||||| |||| 00| 0 eng d
035 _a(Sirsi) u23788
041 _aeng
100 _aFanning, D.
245 _aRadical change falters over funding
260 _c1997
350 _a0
490 _aEstates Gazette
_v(9701) 11 January 1997, 58-59(2)
520 _aReports on the friction between the Welsh Office and the new unitary authorities over budgeting levels and council tax capping for 1997-98.
650 _aCOUNCIL TAX
650 _aLOCAL AUTHORITIES
650 _aREORGANISATION
650 _aUNITARY AUTHORITIES
650 _aWALES
650 _aWELSH OFFICE
690 _aECONOMIC AND SOCIAL
942 _n0
948 _c04/03/1997
999 _c15926
_d15926